000 003150000a22001450004500
001 000212
003 MACL
040 _aMACL
090 _c212
_d212
100 _aDutt, Sunil K
245 _aShantiniketan
_bClassic India
_cSunil K Dutt
260 _aRupa &Co,
_c1998
650 _aIndian History
942 _k954
_cBook
999 _c49519
_d49519